Разработка архитектуры автоматизированной торговой системы с применением машинного обучения на основе интеграции банковских и криптовалютных API; Молодежь и современные информационные технологии

Λεπτομέρειες βιβλιογραφικής εγγραφής
Parent link:Молодежь и современные информационные технологии.— 2025.— С. 554-556
Κύριος συγγραφέας: Иордан И. Н.
Άλλοι συγγραφείς: Губин Е. И. Евгений Иванович (научный руководитель)
Περίληψη:Рассмотрены принципы построения архитектуры автоматизированной торговой системы с использованием машинного обучения. Описано взаимодействие компонентов на основе интеграции данных из банковских и криптовалютных API. Представлена схема потоков данных и взаимодействия сервисов
Текстовый файл
Γλώσσα:Ρωσικά
Έκδοση: 2025
Θέματα:
Διαθέσιμο Online:http://earchive.tpu.ru/handle/11683/132266
Μορφή: Ηλεκτρονική πηγή Κεφάλαιο βιβλίου
KOHA link:https://koha.lib.tpu.ru/cgi-bin/koha/opac-detail.pl?biblionumber=681230

MARC

LEADER 00000naa2a2200000 4500
001 681230
005 20250916113102.0
090 |a 681230 
100 |a 20250819d2025 k||y0rusy50 ca 
101 0 |a rus 
102 |a RU 
135 |a drbn ---uucaa 
200 1 |a Разработка архитектуры автоматизированной торговой системы с применением машинного обучения на основе интеграции банковских и криптовалютных API  |f Иордан И. Н.  |g науч. рук. Губин Е. И. 
320 |a Список использованных источников: 13 назв 
330 |a Рассмотрены принципы построения архитектуры автоматизированной торговой системы с использованием машинного обучения. Описано взаимодействие компонентов на основе интеграции данных из банковских и криптовалютных API. Представлена схема потоков данных и взаимодействия сервисов 
336 |a Текстовый файл 
463 1 |0 681090  |9 681090  |t Молодежь и современные информационные технологии  |o сборник трудов XXII Международной научно-практической конференции студентов, аспирантов и молодых ученых, 15–17 апреля 2025 г., Томск  |f под ред. А. С. Беляева  |c Томск  |d 2025  |n Изд-во ТПУ  |u conference_tpu-2025-C04.pdf  |v С. 554-556 
545 1 |a Анализ данных и машинное обучение 
610 1 |a электронный ресурс 
610 1 |a труды учёных ТПУ 
610 1 |a машинное обучение 
610 1 |a автоматическая торговля 
610 1 |a криптовалюты 
610 1 |a API 
610 1 |a финансовые рынки 
700 1 |a Иордан  |b И. Н. 
702 1 |a Губин  |b Е. И.  |c математик  |c доцент Томского политехнического университета, кандидат физико-математических наук  |f 1954-  |g Евгений Иванович  |4 727 
801 0 |a RU  |b 63413507  |c 20250819 
850 |a 63413507 
856 4 |u http://earchive.tpu.ru/handle/11683/132266  |z http://earchive.tpu.ru/handle/11683/132266 
942 |c CF